| 000 | 00959nam a2200229Ia 4500 | ||
|---|---|---|---|
| 999 |
_c39915 _d39915 |
||
| 001 | 6520 | ||
| 003 | GE_BSU | ||
| 005 | 20191021150019.0 | ||
| 008 | 181216s1986||||ge |||||||||||||| ||geo|| | ||
| 040 | _cGE_BSU | ||
| 041 | _ageo | ||
| 080 | _a821.353.1-32 ბ-95 | ||
| 100 |
_aბუაჩიძე, თენგიზ _94901 |
||
| 245 |
_aმცირე პროზა ანუ ესეისტური ჩანაწერები / _cთენგიზ ბუაჩიძე ; გამომც. რედ. ლ. თურმანიძე. |
||
| 264 |
_aთბილისი : _bმერანი ; _c1986. |
||
| 300 | _a231გვ;20სმ. | ||
| 653 | _aმცირე პროზა ანუ ესეისტური ჩანაწერები | ||
| 653 | _aპროზა | ||
| 653 | _aჩანაწერები | ||
| 700 |
_aთურმანიძე, ლ. _eრედაქტორი _91756 |
||
| 942 |
_cBK _2udc |
||